000 00955nam a22003017a 4500
003 CHAP
005 20220329134140.0
008 971013s1971 r 00010 d
010 _a16158
011 _a17130
035 _a21213
040 _cCHAP
082 _a634.94
_bH65
100 0 0 _aHoldridge, Leslie R.
_955919
245 _aForest environments in tropical life zones, a pilot study
260 _aOxford :
_bPergamon Press,
_c1971
300 _a747 p.
_b: láms. ; ilus. ; mapas
590 _aBATCH-UPD
_b10
_c20130110
_lUCH01
_h0141
590 _aBATCH-UPD
_b10
_c20130110
_lUCH01
_h1652
590 _aBATCH-UPD
_b10
_c20130410
_lUCH01
_h1041
590 _aBATCH-UPD
_b10
_c20130914
_lUCH01
_h0708
590 _aCONVERSION
_b10
_c20130109
_lUCH01
_h1310
650 1 4 _aBosques
_xTrópicos.
_914401
650 1 4 _aEcología forestal.
_935176
901 _aBK
942 _cLIBRO
949 _a634.94 H65
_bBC
_cLIBRO
_d33724000248639
_eLIBRO
_h38754
_i21213
_si
999 _c16158
_d16158